[Event "Stay Safe Play From Home 385"]
[Site "Emanuel Lasker Arena"]
[Date "2020.08.16"]
[Round "9"]
[White "Roefe Detlef"]
[Black "Strelka6"]
[Result "0-1"]
[WhiteElo "1512"]
[BlackElo "1858"]
[Annotator "NA"]
[PlyCount "82"]
[EventDate "2020.08.16"]
[EventType "swiss (blitz)"]

{- vera, Domingo} 1. c4 {[%emt 0:00:02]} d5 {[%emt 0:00:00]} 2. b3 {[%emt 0:00:01]} Nf6 {[%emt 0:00:01]} 3. Bb2 {[%emt 0:00:01]} e6 {[%emt 0:00:00]} 4. e3 {[%emt 0:00:01]} Bb4 {[%emt 0:00:01]} 5. Nf3 {[%emt 0:00:01]} O-O {[%emt 0:00:01]} 6. Be2 {[%emt 0:00:01]} c6 {[%emt 0:00:01]} 7. O-O {[%emt 0:00:01]} Be7 {[%emt 0:00:02]} 8. cxd5 {[%emt 0:00:00]} Nxd5 {[%emt 0:00:01]} 9. Nc3 {[%emt 0:00:00]} Nxc3 {[%emt 0:00:01]} 10. Bxc3 {[%emt 0:00:01]} Nd7 {[%emt 0:00:00]} 11. d4 {[%emt 0:00:01]} Nf6 {[%emt 0:00:00]} 12. Rc1 {[%emt 0:00:02]} Nd5 {[%emt 0:00:01]} 13. Bb2 {[%emt 0:00:01]} Nf6 {[%emt 0:00:00]} 14. Bd3 {[%emt 0:00:02]} Nd5 {[%emt 0:00:01]} 15. Ne5 {[%emt 0:00:02]} Nf6 {[%emt 0:00:02]} 16. Bb1 {[%emt 0:00:01]} Nd7 {[%emt 0:00:00]} 17. Qc2 {[%emt 0:00:02]} g6 {[%emt 0:00:01]} 18. Ng4 {[%emt 0:00:03]} Nf6 {[%emt 0:00:02]} 19. Ne5 {[%emt 0:00:04]} Nd7 {[%emt 0:00:01]} 20. Nxd7 {[%emt 0:00:02]} Bxd7 {[%emt 0:00:01]} 21. e4 {[%emt 0:00:02]} Bf6 {[%emt 0:00:01]} 22. e5 {[%emt 0:00:01]} Bg7 {[%emt 0:00:01]} 23. f4 {[%emt 0:00:01]} Rc8 {[%emt 0:00:02]} 24. h3 {[%emt 0:00:00]} b6 {[%emt 0:00:01]} 25. Qf2 {[%emt 0:00:02]} c5 {[%emt 0:00:02]} 26. dxc5 {[%emt 0:00:02]} bxc5 {[%emt 0:00:00]} 27. Kh2 {[%emt 0:00:01]} Bb5 {[%emt 0:00:01]} 28. Rfd1 {[%emt 0:00:02]} Qb6 {[%emt 0:00:01]} 29. Rd6 {[%emt 0:00:02]} Qb8 {[%emt 0:00:02]} 30. a4 {[%emt 0:00:01]} Be8 {[%emt 0:00:02]} 31. Rcd1 {[%emt 0:00:00]} a5 {[%emt 0:00:05]} 32. Bc2 {[%emt 0:00:02]} Qc7 {[%emt 0:00:01]} 33. Bc3 {[%emt 0:00:04]} Bc6 {[%emt 0:00:01]} 34. Qd2 {[%emt 0:00:02]} Bh6 {[%emt 0:00:04]} 35. Bxa5 {[%emt 0:00:00]} Qxa5 {[%emt 0:00:02]} 36. Qxa5 {[%emt 0:00:02]} Bxf4+ {[%emt 0:00:00]} 37. g3 {[%emt 0:00:02]} Bxe5 {[%emt 0:00:01]} 38. Qxc5 {[%emt 0:00:02]} Bxd6 {[%emt 0:00:01]} 39. Qxd6 {[%emt 0:00:02]} Rfd8 {[%emt 0:00:00]} 40. Qxd8+ {[%emt 0:00:01]} Rxd8 {[%emt 0:00:00]} 41. Rxd8+ {[%emt 0:00:01]} Kg7 {[%emt 0:00:00] Zeit Zeit Zeit (Lag: Av=0.32s, max=0.9s) (Lag: Av=0.32s, max=0.9s) (Lag: Av=0.32s, max=0.9s)} 0-1

[Event "Stay Safe Play From Home 385"]
[Site "Emanuel Lasker Arena"]
[Date "2020.08.16"]
[Round "9"]
[White "Gattopardo"]
[Black "Rogan"]
[Result "0-1"]
[WhiteElo "1172"]
[BlackElo "2208"]
[Annotator "TA"]
[PlyCount "42"]
[EventDate "2020.08.16"]
[EventType "swiss (blitz)"]

{[%evp 9,42,-8,49,-43,-43,-68,-50,-141,-112,-345,-304,-1610,-1591,-1597,-1590,-1569,-1588,-1493,-1484,-1752,-1460,-1441,-1427,-1435,-1419,-2613,-2530,-2337,-1949,-29993,-29994,-29994,-29994,-29994,-1589]} 1. e4 d5 2. e5 c5 3. d4 Nc6 4. c3 cxd4 5. cxd4 Qb6 (5... Bf5 $11) 6. Nf3 {B22: Sicilian: 2 c3.} (6. Nc3 $14) 6... Bg4 $1 $15 7. Be3 e6 8. Nc3 (8. Nbd2 $15) 8... Qxb2 {[#]} 9. Na4 $146 (9. Qb1 $17 {was called for.} Qxb1+ 10. Rxb1) ({Predecessor:} 9. Bd2 Bxf3 10. gxf3 Qb6 11. Rb1 Qc7 12. Qa4 Nh6 13. Bd3 Be7 14. O-O O-O 15. Rfc1 {1-0 (44) Monus,Z (2005)-Pal,I (2141) Hungary 2014}) 9... Bb4+ 10. Nc3 $2 (10. Nd2 Bxd2+ {[%mdl 64] Overworked Piece} 11. Bxd2 Qxd4 12. f3 Qxe5+ 13. Be2) 10... Bxc3+ $19 11. Bd2 Bxf3 12. gxf3 Bxd2+ {[%mdl 64] [#] Overworked Piece} 13. Qxd2 Qxa1+ 14. Ke2 Qxd4 15. Qxd4 Nxd4+ 16. Ke3 Nf5+ 17. Kf4 Nge7 18. Bb5+ Kd8 {( -> ...Ng6+)} 19. Rc1 Ng6+ {Black mates.} 20. Kg5 h6+ 21. Kg4 Nxe5+ {White did not feel at home in the position after the opening.} (21... h5+ $142 22. Kg5 Nxe5 23. Kf4 f6 24. Rg1 g6 25. Rg2 {[#]} Nd3+ $1 {[%mdl 576] Clearance} 26. Bxd3 e5#) 0-1